000 00715nam a2200229 i 4500
001 bg
100 1 _aKAROLEWSKI, Igor
245 1 0 _aĆwiczenia z Microsoft Project 2000 PL /
_cIgor Karolewski.
260 _aWarszawa :
_b"Mikom",
_c2001.
300 _a138 s. :
_bil. ;
_c24 cm +
_edyskietka.
500 _aTyt. okł. i grzbiet.: Ćwiczenia z... Microsoft Project 2000 PL.
650 9 _aProject
655 _aPodręczniki
020 _a8372791449
040 _cBPK
041 0 _apl
080 _a004.42(07)
920 _a83-7279-144-9
942 _cKS
008 s pl f |000 0 pol
999 _c40776
_d40776
856 _uhttp://koha.tu.koszalin.pl/cgi-bin/koha/opac-detail.pl?biblionumber=40776
_yKatalog online BPK